Statistics for Name All of Taylor Swift's Albums

Click here to take the quiz!

General Stats

  • This quiz has been taken 52,300 times
    (14,641 since last reset)
  • The average score is 10 of 11

Answer Stats

YearAlbum% Correct
2012Red
97%
20141989
96%
2006Taylor Swift
96%
2019Lover
94%
2017Reputation
94%
2008Fearless
93%
2020Folklore
93%
2022Midnights
93%
2010Speak Now
93%
2020Evermore
92%
2024
The Tortured Poets
Department
86%

Score Distribution

Percentile by Number Answered

Percent of People with Each Score

Your Score History

You have not taken this quiz since the last reset